<?xml version="1.0" encoding="UTF-8"?>
<record
    xmlns:xsi="http://www.w3.org/2001/XMLSchema-instance"
    xsi:schemaLocation="http://www.loc.gov/MARC21/slim http://www.loc.gov/standards/marcxml/schema/MARC21slim.xsd"
    xmlns="http://www.loc.gov/MARC21/slim">

  <leader>01483nam a2200349 i 4500</leader>
  <controlfield tag="003">DO-SdBNP</controlfield>
  <controlfield tag="005">20240426134026.0</controlfield>
  <controlfield tag="007">ta</controlfield>
  <controlfield tag="008">240426b2019    dr a|||| |||| 00| 0 spa d</controlfield>
  <datafield tag="020" ind1=" " ind2=" ">
    <subfield code="a">9789945177411</subfield>
  </datafield>
  <datafield tag="040" ind1=" " ind2=" ">
    <subfield code="a">DO-SdBNP</subfield>
    <subfield code="b">spa</subfield>
    <subfield code="c">BNPHU</subfield>
    <subfield code="e">rda</subfield>
  </datafield>
  <datafield tag="082" ind1=" " ind2="4">
    <subfield code="2">22</subfield>
  </datafield>
  <datafield tag="245" ind1="0" ind2="0">
    <subfield code="a">Lengua Espa&#xF1;ola 1  :</subfield>
    <subfield code="b">del proyecto editorial de educaci&#xF3;n primaria /</subfield>
    <subfield code="c">colaboraci&#xF3;n, Marcela Castillo Troncoso, Roxana Pinto Rodr&#xED;guez, Viviana Brice&#xF1;o L&#xF3;pez ; edici&#xF3;n, Lynnette Defill&#xF3; Arzeno ; correcci&#xF3;n, Jos&#xE9; Roques Paulino ; ilustraciones, Soonhwa Wiesner, Wi-Hen Fung, Juan Pablo Feliz, Cecilia Vivanco D&#xED;az</subfield>
  </datafield>
  <datafield tag="264" ind1=" " ind2="4">
    <subfield code="a">Santo Domingo :</subfield>
    <subfield code="b">S M,</subfield>
    <subfield code="c">2019.</subfield>
  </datafield>
  <datafield tag="300" ind1=" " ind2=" ">
    <subfield code="a">239 p&#xE1;ginas :</subfield>
    <subfield code="b">Ilustraciones, gr&#xE1;ficos ;</subfield>
    <subfield code="c">27 cm.</subfield>
  </datafield>
  <datafield tag="336" ind1=" " ind2=" ">
    <subfield code="2">rdacontent</subfield>
    <subfield code="a">texto</subfield>
    <subfield code="b">txt</subfield>
  </datafield>
  <datafield tag="337" ind1=" " ind2=" ">
    <subfield code="2">rdamedia</subfield>
    <subfield code="a">sin mediaci&#xF3;n</subfield>
    <subfield code="b">n</subfield>
  </datafield>
  <datafield tag="338" ind1=" " ind2=" ">
    <subfield code="2">rdacarrier</subfield>
    <subfield code="a">volumen</subfield>
    <subfield code="b">nc</subfield>
  </datafield>
  <datafield tag="490" ind1=" " ind2=" ">
    <subfield code="a">Savia</subfield>
  </datafield>
  <datafield tag="590" ind1=" " ind2=" ">
    <subfield code="a">Inventariado 2024/BT</subfield>
  </datafield>
  <datafield tag="700" ind1="1" ind2=" ">
    <subfield code="a">Castillo Troncoso, Marcela,</subfield>
    <subfield code="e">colaboraci&#xF3;n</subfield>
    <subfield code="9">85304</subfield>
  </datafield>
  <datafield tag="700" ind1="1" ind2=" ">
    <subfield code="a">Pinto Rodr&#xED;guez Roxana,</subfield>
    <subfield code="e">colaboraci&#xF3;n</subfield>
    <subfield code="9">85305</subfield>
  </datafield>
  <datafield tag="700" ind1="1" ind2=" ">
    <subfield code="a">Brice&#xF1;o L&#xF3;pez, Viviana,,</subfield>
    <subfield code="e">colaboraci&#xF3;n</subfield>
    <subfield code="9">85306</subfield>
  </datafield>
  <datafield tag="700" ind1="1" ind2=" ">
    <subfield code="a">Defill&#xF3; Arzeno, Lynnette,</subfield>
    <subfield code="e">edici&#xF3;n</subfield>
    <subfield code="9">85307</subfield>
  </datafield>
  <datafield tag="700" ind1="1" ind2=" ">
    <subfield code="a">Roques Paulino, Josie,</subfield>
    <subfield code="e">correcci&#xF3;n</subfield>
    <subfield code="9">85308</subfield>
  </datafield>
  <datafield tag="700" ind1="1" ind2=" ">
    <subfield code="a">Wiesner, Soonhwa,</subfield>
    <subfield code="e">ilustraci&#xF3;n</subfield>
    <subfield code="9">85309</subfield>
  </datafield>
  <datafield tag="700" ind1="1" ind2=" ">
    <subfield code="a">Fung, Wi-Hen,</subfield>
    <subfield code="e">ilustraci&#xF3;n</subfield>
    <subfield code="9">73248</subfield>
  </datafield>
  <datafield tag="700" ind1="1" ind2=" ">
    <subfield code="a">Feliz, Juan Pablo</subfield>
    <subfield code="e">ilustraci&#xF3;n</subfield>
    <subfield code="9">6598</subfield>
  </datafield>
  <datafield tag="700" ind1="1" ind2=" ">
    <subfield code="a">Vivanco D&#xED;az, Cecilia,</subfield>
    <subfield code="e">ilustraci&#xF3;n</subfield>
    <subfield code="9">85341</subfield>
  </datafield>
  <datafield tag="910" ind1=" " ind2=" ">
    <subfield code="a">BTav&#xE1;rez</subfield>
  </datafield>
  <datafield tag="942" ind1=" " ind2=" ">
    <subfield code="2">ddc</subfield>
    <subfield code="c">LBS1</subfield>
  </datafield>
  <datafield tag="999" ind1=" " ind2=" ">
    <subfield code="c">56529</subfield>
    <subfield code="d">56529</subfield>
  </datafield>
</record>
